Les professeurs de la star academy - Statistiques

Statistiques générales
  • Ce quiz a été pris 192 fois
    60 depuis la dernière actualisation
  • Le résultat moyen est 51 sur 120
Statistiques - réponses
Saison Discipline Réponse % Correct
10 Directeur Michael Goldman
93%
11 Directeur Michael Goldman
93%
12 Directeur Michael Goldman
93%
13 Directeur Michael Goldman
93%
10 Répétitrice Lucie Bernardoni
91%
11 Répétitrice Lucie Bernardoni
91%
12 Répétitrice Lucie Bernardoni
91%
13 Répétitrice Lucie Bernardoni
91%
10 Répétitrice Marlène Schaff
87%
11 Répétitrice Marlène Schaff
87%
12 Expression scénique Marlène Schaff
87%
13 Expression scénique Marlène Schaff
87%
13 Théâtre Alain Degois "Papy"
85%
11 Danse Malika Benjelloun
85%
12 Danse Malika Benjelloun
85%
12 Chant Sofia Morgavi
83%
13 Chant Sofia Morgavi
83%
13 Danse Jonathan Jenvrin
80%
1 Danse Kamel Ouali
80%
2 Danse Kamel Ouali
80%
3 Danse Kamel Ouali
80%
4 Danse Kamel Ouali
80%
5 Danse Kamel Ouali
80%
6 Danse Kamel Ouali
80%
7 Danse Kamel Ouali
80%
8 Danse Kamel Ouali
80%
12 Répétitrice Fanny Delaigue
78%
13 Répétitrice Fanny Delaigue
78%
10 Chant Adeline Toniutti
74%
11 Chant Adeline Toniutti
74%
12 Coach sportif et de vie Ladji Doucouré
74%
13 Coach sportif et de vie Ladji Doucouré
74%
5 Répétiteur Michael Jones
67%
6 Répétiteur Michael Jones
67%
1 Directrice Alexia Laroche-Joubert
65%
2 Directrice Alexia Laroche-Joubert
65%
5 Directrice Alexia Laroche-Joubert
65%
6 Directrice Alexia Laroche-Joubert
65%
7 Directrice Alexia Laroche-Joubert
65%
1 Chant Armande Altaï
61%
2 Chant Armande Altaï
61%
3 Chant Armande Altaï
61%
8 Directrice Armande Altaï
61%
11 Expression scénique Cécile Chaduteau
59%
12 Théâtre Hugues Hamelynck
59%
10 EPS Coach Joe
54%
11 EPS Coach Joe
54%
13 Prof d'anglais Monsieur prof
54%
2 Théâtre Oscar Sisto
54%
3 Théâtre Oscar Sisto
54%
4 Théâtre Oscar Sisto
54%
10 Danse Yanis Marshall
52%
1 Expression scénique Raphaëlle Ricci
46%
2 Expression scénique Raphaëlle Ricci
46%
3 Expression scénique Raphaëlle Ricci
46%
5 Expression scénique Raphaëlle Ricci
46%
6 Expression scénique Raphaëlle Ricci
46%
7 Expression scénique Raphaëlle Ricci
46%
10 Théâtre Pierre de Brauer
43%
11 Théâtre Pierre de Brauer
43%
10 Expression scénique Laure Balon
41%
1 Répétiteur et directeur musical Matthieu Gonet
37%
2 Répétiteur et directeur musical Matthieu Gonet
37%
3 Répétiteur et directeur musical Matthieu Gonet
37%
4 Répétiteur et directeur musical Matthieu Gonet
37%
5 Répétiteur et Directeur musical Matthieu Gonet
37%
6 Répétiteur et Directeur musical Matthieu Gonet
37%
7 Répétiteur et Directeur musical Matthieu Gonet
37%
9 EPS Pascal Soetens
26%
9 Grand frère Pascal Soetens
26%
5 EPS Christophe Pinna
20%
6 EPS Christophe Pinna
20%
7 EPS Christophe Pinna
20%
8 EPS Christophe Pinna
20%
4 Directeur Gérard Louvin
20%
3 Directrice Nathalie André
20%
4 Grand frère Houcine Camara
17%
4 Répétitrice Jasmine Roy
17%
5 Répétitrice Jasmine Roy
17%
6 Répétitrice Jasmine Roy
17%
7 Répétitrice Jasmine Roy
17%
8 Répétitrice Jasmine Roy
17%
5 Théâtre Philippe Lelièvre
15%
6 Théâtre Philippe Lelièvre
15%
8 Théâtre Philippe Lelièvre
15%
3 EPS Tiburce Daro
15%
4 EPS Tiburce Daro
15%
4 Expression scénique Milo Lee
13%
4 Chant Isabelle Charles
11%
3 Musique Jean Schultheis
11%
8 Coach de développement personnel Marie Méchin
11%
4 Aide à la préparation physique (fitness) Adèle Van Damme
9%
1 Répétitrice Florence Davis
9%
3 Préparatrice aux chansons anglaises Patsy Gallant
9%
8 Expression personnelle Rafael Amargo
9%
1 EPS Vincent Fournier
9%
8 Chant Anne Ducros
7%
8 Répétiteur et Directeur musical Brice Davoli
7%
9 Directrice Charlotte Valandrey
7%
2 Musique (Piano) Clara Ponty
7%
7 Répétiteur Edu Del Prado
7%
2 Répétitrice Manon Landowski
7%
3 Répétiteur Marco Beacco
7%
2 Danse classique Meredith Hudson
7%
4 Répétiteur Michael Jones
7%
3 Stylisme Regina Rubens
7%
5 Chant Richard Cross
7%
6 Chant Richard Cross
7%
7 Chant Richard Cross
7%
2 EPS West Gomez
7%
6 Aide à la préparation physique (yoga) Aria Crescendo
4%
8 Expression scénique Dominique Martinelli
4%
9 Danse Haspop
4%
9 Expression scénique Juliette Solal
4%
7 Coach de développement personnel Magali Dieux
4%
9 Chant Rachid Ferrache
4%
7 Slam Souleymane Diamanka
4%
9 Répétiteur Stefan Filey
4%
9 Gestion d'image Zaia Haddouche
4%
5 Aide à la préparation physique (yoga) Aria Crescendo
2%
Aucun quiz correspondant
Distribution des résultats
% des personnes avec chaque résultat
Percentile par nombre de réponses
Votre historique - résultats
Vous n’avez pas pris ce quiz depuis la dernière actualisation